| 000 | 01047cam a2200313 i 4500 | ||
|---|---|---|---|
| 001 | 016015251 | ||
| 003 | EG-ScBUE | ||
| 005 | 20240902123410.0 | ||
| 008 | 120119t2013 at a f 001 0 eng d | ||
| 020 | _a9781133109310 (pbk.) | ||
| 020 | _a1133109314 (pbk.) | ||
| 040 |
_aStDuBDS _beng _erda _cStDuBDS _dUk _dEG-ScBUE |
||
| 082 | 0 | 4 |
_a510 _222 _bTAN |
| 100 | 1 |
_aTan, S. T. _q(Soo Tang) _eauthor. _936754 |
|
| 245 | 1 | 0 |
_aApplied mathematics for the managerial, life, and social sciences / _cSoo T. Tan, Stonehill College. |
| 250 |
_aSixth edition, _binternational edition. |
||
| 264 | 1 |
_a[Canberra] : _bBrooks / Cole Cengage Learning, _c[2013] |
|
| 264 | 4 | _cc2013 | |
| 300 |
_axxiii, 941 pages : _bcolor illustrations ; _c28 cm |
||
| 336 |
_2rdacontent _atext _btxt |
||
| 337 |
_aunmediated _2rdamedia _bn |
||
| 338 |
_avolume _bnc _2rdacarrier |
||
| 500 | _aText on inside cover. | ||
| 500 | _aIncludes index. | ||
| 650 | 7 |
_aMathematics _2BUEsh _92018 |
|
| 653 |
_bBUSADM _cDecember2014 |
||
| 655 |
_vReading book _934232 |
||
| 942 |
_2ddc _cBB |
||
| 999 |
_c18703 _d18675 |
||